近鉄南大阪線・吉野線の歴代全駅名 - Statistics

General Stats
  • This quiz has been taken 28 times
  • The average score is 40 of 58
Answer Stats
No. 駅名 存在時期 % Correct
F01 大阪阿部野橋 1923-
100%
F02 河堀口 1923-
96%
F05 針中野 1923-
96%
F15 道明寺 1898-
96%
F16 古市 1898-
96%
F06 矢田 1923-
91%
F07 河内天美 1933-
91%
F10 河内松原 1922-
91%
F13 藤井寺 1922-
91%
F54 吉野 1912-1928
91%
F57 吉野 1928-
91%
F03 北田辺 1923-
87%
F11 恵我ノ荘 1924-
87%
F12 高鷲 1922-
87%
F23 尺土 1929-
87%
廃止 橿原神宮 1929-1939
87%
F42 橿原神宮前 1970-
87%
F48 吉野口 1912-
87%
F04 今川 1933-
83%
F08 布忍 1922-
83%
F09 高見ノ里 1932-
83%
F18 上ノ太子 1929-
83%
F44 飛鳥 1970-
83%
F52 下市口 1912-
83%
F56 吉野神宮 1928-
83%
F14 土師ノ里 1924-
78%
F19 二上山 1929-
78%
F20 二上神社口 1929-
78%
F21 当麻寺 1929-
78%
F24 高田市 1948-
78%
F27 橿原神宮西口 1940-
78%
F45 壺阪山 1923-
78%
F55 大和上市 1928-
78%
F17 駒ヶ谷 1929-
74%
F54 六田 1928-
74%
F22 磐城 1929-
70%
F26 坊城 1929-
70%
F43 岡寺 1923-
70%
F47 1923-
70%
F49 薬水 1924-
70%
F25 浮孔 1929-
65%
F46 市尾 1923-
61%
F50 福神 1924-
61%
F51 大阿太 1929-
61%
F01 大阪天王寺 1923
57%
F53 越部 1927-
52%
F24 高田町 1929-1948
39%
F42 久米寺 1929-1940
35%
F42 橿原神宮駅 1940-1970
35%
廃止 御陵前 1924-1933
30%
F04 駒川 1931-1933
26%
廃止 応神御陵前 1933-1974
26%
廃止 誉田 1911-1933
26%
F07 天美車庫前 1923-1933
22%
廃止 誉田八幡 1933-1974
22%
廃止 屯鶴峰 1937-1974
22%
F27 大和池尻 1929-1940
17%
F44 橘寺 1929-1970
17%
No matching quizzes found
Score Distribution
Percent of People with Each Score
Percentile by Number Answered
Your Score History
You have not taken this quiz